Superhéroïnes Marvel par couleur par images - Statistiques

Statistiques générales
  • Ce quiz a été pris 38 fois
  • Le résultat moyen est 6 sur 11
Statistiques - réponses
Par images Hint Réponse % Correct
Rouge Sorcière Rouge
100%
Vert She-Hulk
92%
Noir Black Widow
78%
Jaune Guêpe
72%
Bleu Femme Invisible
67%
Marron Okoye
50%
Blanc Emma Frost
42%
Violet Psylocke
25%
Gris Domino
22%
Rose Jubilee
17%
Orange Tigra
17%
Aucun quiz correspondant
Distribution des résultats
% des personnes avec chaque résultat
Percentile par nombre de réponses
Votre historique - résultats
Vous n’avez pas pris ce quiz